banner koha

Efeito da interacao rhizobium sp., fungos MVA e fosfato no desenvolvimento de mudas de sabia, Mimosa caesalpiniaefolia Benth. (Registro n. 124603)

MARC details
000 -LÍDER
campo de controle de tamanho fixo 01058nas a2200289 4500
001 - NÚMERO DE CONTROLE
campo de controle BR8806888
003 - IDENTIFICADOR DO NÚMERO DE CONTROLE
campo de controle BR-BrBNA
005 - DATA E HORÁRIO DA ÚLTIMA TRANSAÇÃO
campo de controle 20231205091349.0
007 - CAMPO FIXO DE DESCRIÇÃO FÍSICA--INFORMAÇÃO GERAL
campo de controle de tamanho fixo ta
008 - CAMPO DE DADOS FIXOS--INFORMAÇÃO GERAL
campo de controle de tamanho fixo 230509b bl.|||p| |||| 00| 00por d
040 ## - FONTE DA CATALOGAÇÃO
Instituição da catalogação original BR-BrBNA
Idioma da catalogação por
Instituição que transcreveu o registro Biblioteca Nacional de Agricultura
041 ## - CÓDIGO DE IDIOMA
Código do idioma do texto/trilha sonora ou título diferente (Pt)
072 ## - CÓDIGO DE CATEGORIA DE ASSUNTO
Código de Categoria de Assunto P34
100 1# - ENTRADA PRINCIPAL--NOME PESSOAL
Nome pessoal Mendes Filho, P.F.
100 1# - ENTRADA PRINCIPAL--NOME PESSOAL
Nome pessoal Almeida, R.T. de
100 1# - ENTRADA PRINCIPAL--NOME PESSOAL
Nome pessoal Vasconcelos, I.
111 1# - ENTRADA PRINCIPAL--NOME DO EVENTO
Nome do evento ou lugar 17. Reuniao Brasileira de Fertilidade do Solo
Local do evento Londrina, PR (Brazil)
Data do evento ou assinatura do tratado Jul 1986
245 1# - TÍTULO
Título Efeito da interacao rhizobium sp., fungos MVA e fosfato no desenvolvimento de mudas de sabia, Mimosa caesalpiniaefolia Benth.
246 1# - FORMA VARIANTE DO TÍTULO
Título/título abreviado Effect of interaction among rhizobium sp., mycorrhizal VA fungi and phosphates on growth of sabia, Mimosa caesalpiniaefolia Benth.
650 ## - ASSUNTO--TERMO TÓPICO
Cabeçalho tópico ou nome geográfico SABIA
650 ## - ASSUNTO--TERMO TÓPICO
Cabeçalho tópico ou nome geográfico RHIZOBIUM
650 ## - ASSUNTO--TERMO TÓPICO
Cabeçalho tópico ou nome geográfico MICORRIZA
650 ## - ASSUNTO--TERMO TÓPICO
Cabeçalho tópico ou nome geográfico MUDA
773 0# - ENTRADA ANALÍTICA
Título Ciencia Agronomica (Brazil)
ISSN - International Standard Serial Number ISSN 0045-6888
Partes relacionadas (Dec 1986), v. 17(2) p. 49-56
Número de controle do registro BR8806888
909 ## -
-- 202311
-- Lúcia
-- 55
-- Lúcia Elande
942 ## - ELEMENTOS DE ENTRADA ADICIONADOS (KOHA)
Fonte da classificação ou esquema de arquivamento na estante Classificação AGRIS
Ocultar no OPAC Não
Tipo de material Koha Analítica
Exemplares
Situação do descarte Fonte da classificação ou esquema de arquivamento na estante Situação física Não pode ser emprestado Biblioteca de origem Biblioteca atual Localização na estante Enumeração do periódico / cronologia Total de empréstimos Data de último acesso Número do exemplar Tipo de material Koha Fonte de aquisição
  Classificação AGRIS   Consulta local Biblioteca Nacional de Agricultura - Binagri Biblioteca Nacional de Agricultura - Binagri   (Dec 1986), v. 17(2) p. 49-56   29/11/2023 01 Periódicos Portaria Interministerial nº 164/94

BINAGRI

Telefone: (61)3218-2567/2388/3357/2097 - binagri@agro.gov.br

Ministério da Agricultura e Pecuária , Esplanada dos Ministérios, Bloco D, Anexo B, Brasília/DF, CEP: 70.043-900